[Event "IECG CN.2001.0.00237"]
[Site "IECG email"]
[Date "2001.02.25"]
[Round "?"]
[White "Perico, Antonio"]
[Black "Buchrnhornen, Wim"]
[Result "1-0"]
[WhiteElo "800"]
[BlackElo "800"]
[PlyCount "91"]
[EventDate "2001.02.25"]
[EventType "tourn (corr)"]
[EventRounds "6"]
[SourceTitle "Corr 2008"]
[Source "ChessBase"]
[SourceDate "2008.06.24"]
[SourceVersion "1"]
[SourceVersionDate "2008.06.24"]
[SourceQuality "1"]

1. d4 d5 2. Nf3 Nf6 3. e3 Bf5 4. Be2 e6 5. 0-0 Bd6 6. Nh4 Be4 7. Nc3 0-0 8. Nb5 a6 9. Nxd6 Qxd6 10. a4 h6 11. b3 Qc6 12. Ba3 Re8 13. c4 Nbd7 14. Rc1 b6 15. cxd5 Qb7 16. dxe6 Rxe6 17. Qd2 Rc8 18. f3 Bd5 19. Bd1 b5 20. Nf5 bxa4 21. bxa4 Ree8 22. e4 Be6 23. Ne7+ Rxe7 24. Bxe7 Re8 25. Ba3 Nb6 26. Qb4 Bd7 27. a5 Bb5 28. axb6 cxb6 29. Re1 Qd7 30. Qd6 Qxd6 31. Bxd6 Rd8 32. Be5 Nd7 33. Bc7 Re8 34. Bb3 a5 35. Bd5 a4 36. Red1 Nf6 37. Ba2 Nd7 38. Bd6 Rd8 39. Rc7 g6 40. Rb1 Bd3 41. Rb4 b5 42. Be7 Ra8 43. Rxd7 a3 44. Bd6 Bc4 45. Rxc4 bxc4 46. Bxc4 1-0

[Event "IECG CN.2000.0.00221"]
[Site "IECG email"]
[Date "2000.11.16"]
[Round "?"]
[White "Buchrnhornen, Wim"]
[Black "Arnaud, Mike"]
[Result "1-0"]
[WhiteElo "800"]
[BlackElo "950"]
[PlyCount "39"]
[EventDate "2000.11.16"]
[EventType "tourn (corr)"]
[EventRounds "6"]
[SourceTitle "Corr 2008"]
[Source "ChessBase"]
[SourceDate "2008.06.24"]
[SourceVersion "1"]
[SourceVersionDate "2008.06.24"]
[SourceQuality "1"]

1. e4 e5 2. Nf3 Nc6 3. Bc4 Nf6 4. Ng5 d5 5. exd5 Nxd5 6. d4 Nxd4 7. c3 h6 8. Nxf7 Nc2+ 9. Qxc2 Kxf7 10. 0-0 c6 11. Be3 Be6 12. Nd2 Bd6 13. Ne4 a5 14. Rad1 b5 15. Be2 Kg8 16. a4 Rb8 17. axb5 cxb5 18. c4 Rc8 19. b3 Nb4 20. Qb1 1-0

[Event "IECG CN.2000.0.00221"]
[Site "IECG email"]
[Date "2000.11.16"]
[Round "?"]
[White "Buchrnhornen, Wim"]
[Black "Van Erps, Gert"]
[Result "1-0"]
[WhiteElo "800"]
[BlackElo "850"]
[PlyCount "27"]
[EventDate "2000.11.16"]
[EventType "tourn (corr)"]
[EventRounds "6"]
[SourceTitle "Corr 2008"]
[Source "ChessBase"]
[SourceDate "2008.06.24"]
[SourceVersion "1"]
[SourceVersionDate "2008.06.24"]
[SourceQuality "1"]

1. e4 e5 2. Nf3 Nc6 3. Bc4 Bc5 4. d3 Nf6 5. Nc3 0-0 6. Bg5 d6 7. Nd5 h6 8. Nxf6+ gxf6 9. Bxh6 Re8 10. Nh4 Be6 11. Nf5 Bxf5 12. exf5 Kh7 13. Qh5 Rg8 14. Bf8# 1-0

[Event "IECG CN.2000.0.00221"]
[Site "IECG email"]
[Date "2000.11.16"]
[Round "?"]
[White "Venturas, Bob"]
[Black "Buchrnhornen, Wim"]
[Result "0-1"]
[WhiteElo "600"]
[BlackElo "800"]
[PlyCount "62"]
[EventDate "2000.11.16"]
[EventType "tourn (corr)"]
[EventRounds "6"]
[SourceTitle "Corr 2008"]
[Source "ChessBase"]
[SourceDate "2008.06.24"]
[SourceVersion "1"]
[SourceVersionDate "2008.06.24"]
[SourceQuality "1"]

1. e4 e5 2. Nf3 Nf6 3. d4 exd4 4. Bg5 Bb4+ 5. Nbd2 Nc6 6. a3 Bxd2+ 7. Qxd2 Qe7 8. Bd3 0-0 9. h4 h6 10. Bxh6 gxh6 11. Qxh6 Nxe4 12. 0-0 d5 13. Bxe4 dxe4 14. Ng5 f5 15. g3 Rf6 16. Qh5 Ne5 17. Rad1 c5 18. Rde1 Nc4 19. Kh2 Nxb2 20. f4 Nc4 21. a4 Ne3 22. Rf2 Ng4+ 23. Kg2 Rh6 24. Qf7+ Qxf7 25. Nxf7 Kxf7 26. Rfe2 Bd7 27. a5 Ra6 28. Ra1 b6 29. h5 Rh8 30. Ree1 Ne3+ 31. Rxe3 dxe3 0-1